00274nam a22000977a 4500020001800000040000900018082001600027100002400043245006900067260004000136 a9781742700410 cNUST a745.54bKID aRicketson, Kathreen aKids' Crafternoon Papercraftb25 Projects for a Crafty Afternoon aLondon:bHardie Grant Books,c2011.